Normal view
MARC view
- R.B. Mishra
Entry Personal Name
001 - CONTROL NUMBER
- control field: 124390
003 - CONTROL NUMBER IDENTIFIER
- control field: NUST
005 - DATE AND TIME OF LATEST TRANSACTION
- control field: 20240710172313.0
008 - FIXED-LENGTH DATA ELEMENTS
- fixed length control field: 240710|| aca||aabn | a|a d
040 ## - CATALOGING SOURCE
- Original cataloging agency: NUST
- Transcribing agency: NUST
100 ## - HEADING--PERSONAL NAME
- Personal name: R.B. Mishra
670 ## - SOURCE DATA FOUND
- Source citation: Work cat.: (NUST): R.B. Mishra, Artificial Intelligence, 2011.
